Κοινωνικοποίηση του παιδιού : εκπαιδευτικά χαρακτηριστικά, επαγγελματικές προσδοκίες μαθητών /μαθητριών και οικογενειακή προέλευση ; διπλωματική εργασία [διδακτορική εργασία]
Αποθηκεύτηκε σε:
| Κύριος συγγραφέας: | |
|---|---|
| Συγγραφή απο Οργανισμό/Αρχή: | |
| Άλλοι συγγραφείς: | |
| Μορφή: | Thesis Βιβλίο |
| Γλώσσα: | Greek |
| Δημοσίευση: |
2022.
|
| Θέματα: | |
| Ετικέτες: |
Προσθήκη ετικέτας
Δεν υπάρχουν, Καταχωρήστε ετικέτα πρώτοι!
|
MARC
| LEADER | 00000nam a2200000 a 4500 | ||
|---|---|---|---|
| 001 | 1/126183 | ||
| 008 | 230222s2022####gr | ||| |||| ||gre|| | ||
| 040 | |a GR-MyUa |b gre |c GR-MyUa |e AACR2 | ||
| 041 | 0 | |a gre | |
| 082 | 7 | |a 303.32 |2 (23) | |
| 100 | 1 | |a Κολιού, Στεργούλα Ν. | |
| 245 | 1 | 0 | |a Κοινωνικοποίηση του παιδιού : |b εκπαιδευτικά χαρακτηριστικά, επαγγελματικές προσδοκίες μαθητών /μαθητριών και οικογενειακή προέλευση ; διπλωματική εργασία [διδακτορική εργασία] / |c Κολιού Στεργούλα Ν. ; επιβλέπουσα καθηγήτρια: Βιτσιλάκη Χρυσή. |
| 260 | |c 2022. | ||
| 300 | |a 473 σ. : |b πίν. ; |c 30 εκ. | ||
| 500 | |a Μέλη εξεταστικής επιτροπής: Βιτσιλάκη Χρυσή, Φώκιαλη Περσεφόνη, Ανδρεαδάκης Νικόλαος, Σταμάτης Παναγιώτης, Γουβιάς Διονύσιος, Ράπτης Νικόλαος, Κουρουτσίδου Μαρία. | ||
| 502 | |a Διατριβή (Διδακτορική) - Πανεπιστήμιο Αιγαίου, Ρόδος 2022. | ||
| 504 | |a Βιβλιογραφία: σ. 424-463. | ||
| 506 | 1 | |a Πλήρες κείμενο - Ενδοπανεπιστημιακή δημοσίευση . | |
| 650 | 0 | |a Child development. | |
| 650 | 0 | |a Socialization. | |
| 650 | 0 | |a Communication in education. | |
| 650 | 0 | |a Teacher-student relationships. | |
| 700 | 1 | |a Βιτσιλάκη, Χρυσή, |e dgsf | |
| 710 | 2 | |a Πανεπιστήμιο Αιγαίου. |b Σχολή Ανθρωπιστικών Επιστημών. |b Τμήμα Επιστημών της Προσχολικής Αγωγής και του Εκπαιδευτικού Σχεδιασμού. | |
| 852 | |a INST |b RHODES |c DIATR |e 20230222 |h 303.32 ΚΟΛ |p 005400043423 |q 005400043423 |t PHD |y 23 | ||
| 924 | |a Κολιού |b Στεργούλα Ν. |y Ρόδος |z 2023-02 | ||
| 970 | |a Καραγιάννης |b Φίλιππος |z 22-02-2023 | ||